000 00466nam a2200169Ia 4500
008 220531s9999 xx 000 0 und d
041 _aeng
100 _aफडके, आशा संपा.
_985113
245 _aसामान्यातले असामान्य
250 _a1ST
260 _aPune
_bGayatri Sahitya
_c2014
300 _a216
542 _d05-02-2016
650 _aGeneral
_985114
906 _d2015-2016
_f8615
999 _c46801
_d46801